Эксплуатация скважин и добыча нефти из обводняющихся месторождений (Запись № 10643417)
[ простой вид ]
| 000 -МАРКЕР | |
|---|---|
| контрольное поле | 02255nam0a2200373 i 4500 |
| 001 - ИДЕНТИФИКАТОР ЗАПИСИ | |
| контрольное поле | RU\NLR\BIBL_A\010913643 |
| 005 - ИДЕНТИФИКАТОР ВЕРСИИ | |
| контрольное поле | 20260405071200.0 |
| 010 ## - МЕЖДУНАРОДНЫЙ СТАНДАРТНЫЙ НОМЕР КНИГИ (ISBN) | |
| Номер (ISBN) | 9785919611240 |
| Тираж | 600 |
| 021 ## - НОМЕР ГОСУДАРСТВЕННОЙ РЕГИСТРАЦИИ | |
| Код страны | российская федерация |
| Номер | 2015-86608 |
| Номер Листа государственной регистраци | 5306 |
| 035 ## - ДРУГИЕ СИСТЕМНЫЕ НОМЕРА | |
| Идентификатор записи | (NILC)RuMoRGB-008062650 |
| 035 ## - ДРУГИЕ СИСТЕМНЫЕ НОМЕРА | |
| Идентификатор записи | (NLR Aleph) 010913643 |
| 100 ## - ДАННЫЕ ОБЩЕЙ ОБРАБОТКИ | |
| Данные общей обработки | 20151130d2015 km y0rusy50 ca |
| 101 1# - ЯЗЫК РЕСУРСА | |
| Язык текста, звукозаписи и т.д. | русский |
| 102 ## - СТРАНА ПУБЛИКАЦИИ ИЛИ ПРОИЗВОДСТВА | |
| Страна публикации | российская федерация |
| 105 ## - ПОЛЕ КОДИРОВАННЫХ ДАННЫХ: ТЕКСТОВЫЕ МАТЕРИАЛЫ, МОНОГРАФИЧЕСКИЕ | |
| Кодированные данные о монографическом текстовом документе | ac j 010yy |
| 200 1# - ЗАГЛАВИЕ И СВЕДЕНИЯ ОБ ОТВЕТСТВЕННОСТИ | |
| Основное заглавие | Эксплуатация скважин и добыча нефти из обводняющихся месторождений |
| Параллельное заглавие | Well operation and oil production from the flooded fields |
| Сведения, относящиеся к заглавию | учебное пособие |
| -- | для студентов образовательных организаций высшего образования, обучающихся по направлению подготовки магистратуры "Нефтегазовое дело" |
| Первые сведения об ответственности | И. Т. Мищенко |
| Язык параллельного заглавия | английский |
| 210 ## - ПУБЛИКАЦИЯ, РАСПРОСТРАНЕНИЕ И ДР. | |
| Место издания, распространения и т.д. | Москва |
| Имя издателя, распространителя и т. д. | ИЦ РГУ нефти и газа |
| Дата издания, распространения и т.д. | 2015 |
| 215 ## - ФИЗИЧЕСКАЯ ХАРАКТЕРИСТИКА | |
| Специфическое обозначение материала и объем | 430, [1] с. |
| Другие сведения о физической характеристике | ил., портр. |
| Размеры | 23 |
| 300 ## - ОБЩИЕ ПРИМЕЧАНИЯ | |
| Текст примечания | Авт. также на англ. яз.: I.T. Mishchenko |
| 300 ## - ОБЩИЕ ПРИМЕЧАНИЯ | |
| Текст примечания | На с. 425 авт.: И.Т. Мищенко, д.т.н., проф., акад. РАЕН |
| 300 ## - ОБЩИЕ ПРИМЕЧАНИЯ | |
| Текст примечания | На авантит.: Посвящ. 85-летию РГУ нефти и газа им. И.М. Губкина |
| 320 ## - ПРИМЕЧАНИЯ О НАЛИЧИИ В ДОКУМЕНТЕ БИБЛИОГРАФИИ / УКАЗАТЕЛЯ | |
| Текст примечания | Библиогр.: с. 424 (9 назв.) |
| 510 1# - ПАРАЛЛЕЛЬНОЕ ЗАГЛАВИЕ | |
| Связь между полями | z45790 |
| Параллельное заглавие | Well operation and oil production from the flooded fields |
| Язык заглавия | английский |
| 606 ## - НАИМЕНОВАНИЕ ТЕМЫ КАК ПРЕДМЕТ | |
| Наименование темы | Нефтяные скважины |
| Формальный подзаголовок | Учебные издания для высших учебных заведений |
| Тематический подзаголовок | Эксплуатация |
| Системный номер авторитетной/нормативной записи | 1719965 |
| Идентификатор авторитетной/нормативной записи | RU\NLR\AUTH\66767431 |
| 606 ## - НАИМЕНОВАНИЕ ТЕМЫ КАК ПРЕДМЕТ | |
| Наименование темы | Нефть |
| Формальный подзаголовок | Учебные издания для высших учебных заведений |
| Тематический подзаголовок | Добыча |
| -- | Заводнения метод |
| Системный номер авторитетной/нормативной записи | 1084780 |
| Идентификатор авторитетной/нормативной записи | RU\NLR\AUTH\66424579 |
| 686 1# - ИНДЕКСЫ ДРУГИХ КЛАССИФИКАЦИЙ | |
| Индекс | И361.792я73-1 |
| 700 #1 - ИМЯ ЛИЦА - ПЕРВИЧНАЯ ОТВЕТСТВЕННОСТЬ | |
| Графика поля | Кириллица |
| Материалы, к которым относится поле | rus |
| Начальный элемент ввода | Мищенко |
| Часть имени, кроме начального элемента ввода | И. Т. |
| Даты | 1937-2020 |
| Расширение инициалов личного имени | Игорь Тихонович |
| Идентификатор авторитетной/нормативной записи | RU\NLR\AUTH\7724280 |
| Системный номер авторитетной/нормативной записи | 7331 |
| 790 #1 - ИМЯ ЛИЦА - АЛЬТЕРНАТИВНАЯ ФОРМА | |
| Материалы, к которым относится поле | rus |
| Графика поля | Латинская |
| Начальный элемент ввода | Miščenko |
| Часть имени, кроме начального элемента ввода | I. T. |
| Даты | 1937- |
| Расширение инициалов личного имени | Igor' Tichonovič |
| Идентификатор авторитетной/нормативной записи | RU\NLR\AUTH\7724283 |
| Системный номер авторитетной/нормативной записи | 7334 |
| 801 #0 - ИСТОЧНИК ЗАПИСИ | |
| Страна | российская федерация |
| Организация | РГБ |
| Дата составления | 20151106 |
| Правила каталогизации | RCR |
| 942 ## - ДОПОЛНИТЕЛЬНЫЕ ЭЛЕМЕНТЫ ЗАПИСИ (АБИС) | |
| Тип экземпляра АБИС | Книга |
| 980 ## - КОЛЛЕКЦИЯ | |
| Название коллекции | НБР |
Нет доступных экземпляров.